000 00916nas a2200301 4500
001 BR0800591
003 BR-BrBNA
005 20231205111521.0
007 ta
008 230509b bl.|||p| |||| 00| 00por d
040 _aBR-BrBNA
_bpor
_cBiblioteca Nacional de Agricultura
041 _a(En)
072 _aF50; H10; H20
100 1 _aLorenzo, E.
100 1 _aDoucet, M.E.
100 1 _aSuárez, S.
100 1 _aLax, P.
245 1 _aHistopathology of melilotus albus roots parasitized by Meloidogyne Javanica
_bComunicação Científica
650 _aESTRUTURA VEGETAL
650 _aPRAGA DE PLANTA
650 _aDOENÇA DE PLANTA
650 _aNEMATÓIDE
650 _aMELOIDOGYNE JAVANICA
650 _aERVA DANINHA
773 0 _tNematologia Brasileira (Brazil)
_xISSN 0102-2997
_g(Jun 2004), v. 28(1) p. 111-114
_wBR0800591
909 _a202311
_bLúcia
_c55
_dLúcia Elande
942 _2AGRIS
_n0
_cANA
999 _c193131
_d193131